Buying for equality 2008 : a guide to companies, products and services that support gay, lesbian, bisexual and transgender equality.

Salvato in:
Dettagli Bibliografici
Natura: Libro
Lingua:inglese
Pubblicazione: Washington : Human rights compaign, c2008
Tags: Aggiungi Tag
Nessun Tag, puoi essere il primo ad aggiungerne!!

MARC

LEADER 00000nam a22000007i 4500
001 IT\ICCU\UBO\3654450
003 ItRI
005 20260115232218.0
008 090622s2008 xxu|||||| ||||| |||||c
040 |b ita  |c importazione bologna sebina 
041 7 |a eng  |2 ISO-639-2 
245 0 0 |a Buying for equality 2008 :  |b a guide to companies, products and services that support gay, lesbian, bisexual and transgender equality. 
260 |a Washington :  |b Human rights compaign,  |c c2008 
300 |a 39 p. :  |b ill. ;  |c 16 cm 
500 |a Tit. della cop. 
942 |2 ddc  |c BK  |n 0 
952 |0 0  |1 0  |4 0  |6 DOC_640_730000000000000_BUY  |7 0  |9 22065  |a BO  |b BO  |d 2026-01-15  |i 12853  |l 0  |o DOC 640.73 BUY  |p BO12853  |r 2026-01-15 23:22:18  |w 2026-01-15  |x [Sebina 7] [1 v.]  |y BK  |z 1 v. 
999 |c 18860  |d 18860